Akta Kastam 1967:peraturan-peraturan kastam (tribunal rayuan) 2007 [ P.U.(A) 210/07] & perintah kastam ( Bidang Kuasa Tambahan Tribunal Rayuan Kastam) 2007 [ P.U.(A) 211/07] = (Record no. 1228)
[ view plain ]
| 000 -LEADER | |
|---|---|
| fixed length control field | nam a22 a 4500 |
| 005 - DATE AND TIME OF LATEST TRANSACTION | |
| control field | 20170517114906.0 |
| 008 - FIXED-LENGTH DATA ELEMENTS--GENERAL INFORMATION | |
| fixed length control field | 170508s2007 my ||||| |||| 00| 0 may d |
| 040 ## - CATALOGING SOURCE | |
| Original cataloging agency | AKMAL |
| 082 ## - DEWEY DECIMAL CLASSIFICATION NUMBER | |
| Classification number | 343.595056 MAL |
| 090 ## - LOCALLY ASSIGNED LC-TYPE CALL NUMBER (OCLC); LOCAL CALL NUMBER (RLIN) | |
| Classification number (OCLC) (R) ; Classification number, CALL (RLIN) (NR) | 343.595056 |
| Local cutter number (OCLC) ; Book number/undivided call number, CALL (RLIN) | MAL |
| 110 1# - MAIN ENTRY--CORPORATE NAME | |
| Corporate name or jurisdiction name as entry element | Malaysia |
| 9 (RLIN) | 400 |
| 240 ## - UNIFORM TITLE | |
| Uniform title | Customs Act 1967 |
| Language of a work | English |
| 245 00 - TITLE STATEMENT | |
| Title | Akta Kastam 1967:peraturan-peraturan kastam (tribunal rayuan) 2007 [ P.U.(A) 210/07] & perintah kastam ( Bidang Kuasa Tambahan Tribunal Rayuan Kastam) 2007 [ P.U.(A) 211/07] = |
| Remainder of title | Customs (Appeal Tribunal) Regulations 2007 [ P.U.(A) 210/07] & Customs ( Additonal Jurisdiction Of Customs Appeal Tribunal) Order 2007 [ P.U.(A). 211/07] |
| 260 ## - PUBLICATION, DISTRIBUTION, ETC. | |
| Place of publication, distribution, etc. | Kuala Lumpur: |
| Name of publisher, distributor, etc. | Percetakan Nasional Berhad, |
| Date of publication, distribution, etc. | 2007. |
| 300 ## - PHYSICAL DESCRIPTION | |
| Extent | various paging: |
| Dimensions | 25cm. |
| 650 1# - SUBJECT ADDED ENTRY--TOPICAL TERM | |
| Topical term or geographic name entry element | Tariff |
| General subdivision | Law and legislation |
| Geographic subdivision | Malaysia |
| 9 (RLIN) | 20 |
| 650 2# - SUBJECT ADDED ENTRY--TOPICAL TERM | |
| Topical term or geographic name entry element | Trade regulation |
| Geographic subdivision | Malaysia |
| 9 (RLIN) | 2454 |
| 710 1# - ADDED ENTRY--CORPORATE NAME | |
| Corporate name or jurisdiction name as entry element | Malaysia |
| Subordinate unit | Jabatan Kastam Diraja Malaysia |
| 9 (RLIN) | 1301 |
| 942 ## - ADDED ENTRY ELEMENTS (KOHA) | |
| Source of classification or shelving scheme | |
| Koha item type | Book |
| 950 ## - LOCAL HOLDINGS (RLIN) | |
| Permanent shelving location, LOC (RLIN) | AKMAL |
| Withdrawn status | Lost status | Source of classification or shelving scheme | Damaged status | Not for loan | Collection code | Home library | Current library | Shelving location | Date acquired | Inventory number | Total Checkouts | Full call number | Barcode | Date last seen | Price effective from | Koha item type |
|---|---|---|---|---|---|---|---|---|---|---|---|---|---|---|---|---|
| NON-FICTION | AKMAL Melaka | AKMAL Melaka | PINJAMAN | 08.05.2017 | 002286 | 343.595056 MAL | 201702392 | 08.05.2017 | 08.05.2017 | Book | ||||||
| NON-FICTION | AKMAL Melaka | AKMAL Melaka | PINJAMAN | 08.05.2017 | 343.595056 MAL | 201702393 | 08.05.2017 | 08.05.2017 | Book | |||||||
| NON-FICTION | AKMAL Melaka | AKMAL Melaka | PINJAMAN | 08.05.2017 | 343.595056 MAL | 201702394 | 08.05.2017 | 08.05.2017 | Book | |||||||
| NON-FICTION | AKMAL Melaka | AKMAL Melaka | PINJAMAN | 08.05.2017 | 343.595056 MAL | 201702395 | 08.05.2017 | 08.05.2017 | Book | |||||||
| NON-FICTION | AKMAL Melaka | AKMAL Melaka | PINJAMAN | 08.05.2017 | 343.595056 MAL | 201702396 | 08.05.2017 | 08.05.2017 | Book | |||||||
| NON-FICTION | AKMAL Melaka | AKMAL Melaka | PINJAMAN | 08.05.2017 | 343.595056 MAL | 201702397 | 08.05.2017 | 08.05.2017 | Book | |||||||
| NON-FICTION | AKMAL Melaka | AKMAL Melaka | PINJAMAN | 08.05.2017 | 343.595056 MAL | 201703448 | 17.05.2017 | 08.05.2017 | Book |
